BIBLIOTHÈQUE DE LA MAISON DU MEXIQUE

Logo 1 Logo 2

El muralismo de Orozco, Rivera y Siqueiros (notice nᵒ 11550)

détails MARC
000 -Sello discográfico
campo de control de longitud fija 01391nam a2200385 4500
005 - Identificación de versión
campo de control 20251211122734.0
010 ## - Número Estándar Internacional de Libros (ISBN)
Número (ISBN) 968-36-3504-0 (obra completa)
010 ## - Número Estándar Internacional de Libros (ISBN)
Número (ISBN) 968-36-3510-5
035 ## - Otros números de control del sistema
Número de control del sistema 33422
099 ## - fechas locales
Tipo de ítem Koha LIBRO
100 ## - Datos de procesamiento general
Datos de procesamiento general 20120203d1994 m y1spay5003 ba
105 ## - Campo de datos codificados: Material textual, monográfico
Datos codificados de monografía a 001zy
200 1# - Título y mención de responsabilidad
Título propio El muralismo de Orozco, Rivera y Siqueiros
Designación general del material texto impreso
Otra información del título 36 diapositivas
Primer mención de responsabilidad Maricela González Cruz Manjarrez
205 ## - Declaración de edición
Declaración de edición 1a ed
210 ## - Publicación, distribución, etc.
Lugar de publicación, distribución, etc. México
Nombre del editor, distribuidor, etc. Universidad Nacional Autónoma de México, Instituto de Investigaciones Estéticas
Fecha de publicación, distribución, etc. 1994
215 ## - Descripción física
Designación de material específico y extensión del ítem 34 p
Dimensiones 24 cm
Material acompañante CD
300 ## - Notas generales
Texto de la nota Solicitar el CD a la bibliotecaria
320 ## - Nota de índices/bibliografías internas
Texto de la nota Incluye bibliografía: p.13
345 ## - Nota de información de adquisición
Fuente de adquisición/dirección de la suscripción [OBSOLETO] Donación 'Salon du Livre 2009'
410 #1 - Series
Título Imágenes de Arte Mexicano
600 ## - Nombre personal usado como materia
Elemento de entrada Alfaro Siqueiros
Parte del nombre distinta del elemento de entrada David
Fechas 1896-1974
Número Koha 1206
600 ## - Nombre personal usado como materia
Elemento de entrada Orozco Flores
Parte del nombre distinta del elemento de entrada José Clemente
Fechas 1883-1949
Número Koha 1816
600 ## - Nombre personal usado como materia
Elemento de entrada Rivera
Parte del nombre distinta del elemento de entrada Diego
Fechas 1886-1957
Número Koha 588
606 ## - Término temático usado como materia
Elemento de entrada Pintura mural y decoración mexicana
Número Koha 10245
606 ## - Término temático usado como materia
Elemento de entrada Pintura mural y decoración
Subdivisión cronológica Siglo XX
Subdivisión geográfica México
Número Koha 4240
660 ## - Código de área geográfica
Código MX
700 ## - Nombre personal - Responsabilidad primaria
Elemento de entrada González Cruz Manjarrez
Parte del nombre distinta del elemento de entrada Maricela del Rosario
Número Koha 2916
801 #0 - Fuente de origen
País FR
Agencia cm
Reglas de catalogación (convenciones descriptivas) AFNOR
900 ## -
-- 1/7736
900 ## -
-- 7100419501\240604
942 ## - ELEMENTOS DE ENTRADA SECUNDARIOS (KOHA)
Tipo de ítem Koha Livre
996 ## -
-- MEX
-- 751145101
-- MMAG
-- 001651
-- 751.73 G643MU
-- 20120202LIV
Exemplaires
Estatus retirado Estado de daño Estado de pérdida Fecha de adquisición Biblioteca de origen Biblioteca actual Ubicación en estantería Código de barras Precio de reemplazo Signatura topográfica completa No para préstamo Tipo de ítem Koha Nota pública Nota no pública
      05/08/2025 Casa México Paris Casa México Paris   001651 05/08/2025 751.73 G643MU   Livre 20120202LIV 751145101